| 000 | 00708nam a22002417a 4500 | ||
|---|---|---|---|
| 003 | UA-OsUOA | ||
| 001 | 768 | ||
| 007 | ta | ||
| 008 | 20050705b un ||||| |||| 00| 0 ukr d | ||
| 100 | _aБаума З. | ||
| 090 |
_a316.3 _bБ 29 |
||
| 942 | _cBK | ||
| 040 |
_aUA-OsUOA _brus _cUA-OsUOA _dUA-OsUOA |
||
| 245 | _aГлобализация. Последствия для человека и общества | ||
| 300 | _a188 с. | ||
| 955 | _a1 | ||
| 041 | _arus | ||
| 080 | _a316.3 | ||
| 020 | _a5-7777-0303-8 | ||
| 260 |
_aМ. _bВесь Мир _c2004 |
||
| 650 | 7 |
_a316.3 Соціальна структура. Суспільство як соціальна система _2UDC |
|
| 999 |
_c286925 _d286925 |
||